000 01007cam a2200277 i 4500
001 1883118
003 YEEZEN
005 20260127140811.0
008 250822s2025 ch ak 000 0 chi c
020 _a9786267521700
_q(平裝) :
_c新台幣580元
040 _aPVY
_bchi
_cPVY
041 0 _achi
042 _anbic
090 _a411.94
_b4477
110 2 _a臺大醫院健康教育中心與營養師團隊
245 1 0 _a臺大醫院減肥班8週燃脂瘦身全書 :
_b17位多科醫療專家傳授安全有效營養×運動×心理的健康減重法 /
_c臺大醫院健康教育中心與營養師團隊合著
246 1 _i英文題名:
_aMultidisciplinary weight reduction program.
250 _a初版
260 _a台北市 :
_b原水文化出版 ,
_b家庭傳媒城邦分公司發行,
_c2025.07
300 _a335面 :
_b圖,表 ;
_c23公分
490 0 _a悅讀健康系列 ;
_vHD3211.
490 0 _a身心靈書房
650 7 _2lcstt
_a減重
650 7 _2lcstt
_a健康法
942 _2ccl
_cBOOK
999 _c7690
_d7690